[Event "Online Olym Top DivC 2020"]
[Site "chess.com INT"]
[Date "2020.08.23"]
[Round "9.3"]
[Board "5"]
[White "Petrov, Martin"]
[Black "Wadsworth, Matthew J"]
[Result "1-0"]
[WhiteTitle "IM"]
[BlackTitle "IM"]
[WhiteElo "2525"]
[BlackElo "2416"]
[WhiteTeam "Bulgaria"]
[BlackTeam "England"]
[WhiteFideId "2911086"]
[BlackFideId "415804"]
[EventDate "2020.08.21"]
[EventType "team"]

1. e4 c5 2. Nf3 e6 3. d4 cxd4 4. Nxd4 Nc6 5. Nc3 Qc7 6. Be3 a6 7. a3 Nf6 8. f4
d6 9. Qf3 h5 10. h3 Nxd4 11. Bxd4 e5 12. fxe5 dxe5 13. Qg3 h4 14. Qxe5+ Qxe5 15.
Bxe5 Be6 16. O-O-O Rc8 17. Be2 Be7 18. Bf3 O-O 19. Bd6 Bxd6 20. Rxd6 Nd7 21. Nd5
Bxd5 22. Rxd5 Nf6 23. Rd4 Rc5 24. e5 Rxe5 25. Bxb7 a5 26. Rxh4 Rb8 27. Bf3 Reb5
28. b3 Rc5 29. Kb2 Rbc8 30. Rc1 Nd7 31. b4 axb4 32. axb4 Rc3 33. Bg4 R3c7 34.
Bxd7 Rxd7 35. b5 Rd2 36. Rb4 Rb8 37. g4 Kf8 38. h4 g6 39. g5 Rb7 40. Kb3 Rh2 41.
c4 Rxh4 42. c5 Rh8 43. c6 Rb6 44. c7 1-0

[Event "Online Olym Top DivC 2020"]
[Site "chess.com INT"]
[Date "2020.08.23"]
[Round "9.3"]
[Board "6"]
[White "Kalaiyalahan, Akshaya"]
[Black "Radeva, Viktoria"]
[Result "0-1"]
[WhiteTitle "FM"]
[BlackTitle "WIM"]
[WhiteElo "2149"]
[BlackElo "2302"]
[WhiteTeam "England"]
[BlackTeam "Bulgaria"]
[WhiteFideId "422894"]
[BlackFideId "2915405"]
[EventDate "2020.08.21"]
[EventType "team"]

1. d4 d5 2. c4 e6 3. Nf3 Nf6 4. g3 dxc4 5. Bg2 Bd7 6. Ne5 Bc6 7. Nxc6 Nxc6 8.
Qa4 Qd7 9. Bxc6 Qxc6 10. Qxc6+ bxc6 11. Nd2 c5 12. dxc5 Bxc5 13. Nxc4 Ne4 14.
O-O O-O-O 15. Kg2 f6 16. a3 Rd4 17. b3 Rd7 18. b4 Bd4 19. Ra2 Nd6 20. Rc2 Nxc4
21. Rxc4 Rhd8 22. a4 Rd5 23. Bf4 e5 24. Bc1 a5 25. bxa5 Rxa5 26. Ba3 Kb7 27.
Rfc1 Bb6 28. e3 Rda8 29. Rd1 Rxa4 30. Rxa4 Rxa4 31. Bf8 Ra2 32. Kf3 g6 33. Bg7
e4+ 34. Kxe4 Rxf2 35. h4 f5+ 36. Kd3 Rf3 37. Bd4 Rxg3 38. Rh1 f4 39. h5 Bxd4 40.
Kxd4 fxe3 41. hxg6 hxg6 42. Rb1+ Kc6 43. Rc1+ Kd6 44. Kd3 c5 45. Ra1 Kd5 46. Ra8
c4+ 47. Ke2 Kd4 48. Rd8+ Kc3 49. Rc8 Kb3 50. Rb8+ Kc2 51. Ra8 c3 52. Rb8 Kc1 53.
Rc8 c2 54. Rc7 Rg2+ 55. Kxe3 Rg3+ 56. Kd4 Kb2 57. Rb7+ Rb3 0-1

[Event "Online Olym Top DivC 2020"]
[Site "chess.com INT"]
[Date "2020.08.23"]
[Round "9.4"]
[Board "1"]
[White "Sanal, Vahap"]
[Black "Tissir, Mohamed"]
[Result "1/2-1/2"]
[WhiteTitle "GM"]
[BlackTitle "IM"]
[WhiteElo "2581"]
[BlackElo "2379"]
[WhiteTeam "Turkey"]
[BlackTeam "Morocco"]
[WhiteFideId "6300545"]
[BlackFideId "9000240"]
[EventDate "2020.08.21"]
[EventType "team"]

1. e4 c5 2. Nf3 d6 3. d4 cxd4 4. Nxd4 Nf6 5. Nc3 e6 6. Bb5+ Nbd7 7. O-O Be7 8.
Bg5 O-O 9. Re1 a6 10. Bxd7 Bxd7 11. Bxf6 Bxf6 12. Qd3 Rc8 13. Nde2 Qc7 14. Rad1
Be5 15. Qe3 1/2-1/2

[Event "Online Olym Top DivC 2020"]
[Site "chess.com INT"]
[Date "2020.08.23"]
[Round "9.4"]
[Board "2"]
[White "Onkoud, Abdelaziz"]
[Black "Ali Marandi, Cemil Can"]
[Result "0-1"]
[WhiteTitle "IM"]
[BlackTitle "GM"]
[WhiteElo "2314"]
[BlackElo "2543"]
[WhiteTeam "Morocco"]
[BlackTeam "Turkey"]
[WhiteFideId "9000283"]
[BlackFideId "6300529"]
[EventDate "2020.08.21"]
[EventType "team"]

1. c4 c6 2. Nf3 d5 3. b3 Nf6 4. Bb2 g6 5. g3 Bg7 6. Bg2 O-O 7. O-O Bg4 8. d3
Bxf3 9. Bxf3 Re8 10. cxd5 cxd5 11. Nd2 Nc6 12. e4 dxe4 13. dxe4 Nxe4 14. Bxg7
Nxd2 15. Bb2 Nxf1 16. Qxf1 e5 17. Rd1 Qe7 18. Qb5 Qf6 19. Bd5 Rad8 20. Rd3 Rd7
21. Rf3 Qd6 22. Bxc6 Qxc6 23. Qe2 Qd5 24. Qe3 Rc7 25. Kg2 Rc2 26. Bc3 e4 27. Rf4
Qd3 0-1

[Event "Online Olym Top DivC 2020"]
[Site "chess.com INT"]
[Date "2020.08.23"]
[Round "9.4"]
[Board "3"]
[White "Atalik, Ekaterina"]
[Black "Alaoui Belghiti, Chaimaa"]
[Result "1-0"]
[WhiteTitle "IM"]
[BlackTitle "WFM"]
[WhiteElo "2450"]
[BlackElo "1703"]
[WhiteTeam "Turkey"]
[BlackTeam "Morocco"]
[WhiteFideId "4130189"]
[BlackFideId "9002375"]
[EventDate "2020.08.21"]
[EventType "team"]

1. d4 Nf6 2. c4 e6 3. Nc3 Bb4 4. e3 O-O 5. Bd3 d5 6. Ne2 b6 7. O-O Bb7 8. cxd5
exd5 9. a3 Be7 10. b4 c6 11. Ng3 Bd6 12. e4 dxe4 13. Ncxe4 Nxe4 14. Nxe4 Bc7 15.
Bb2 Re8 16. d5 cxd5 17. Nf6+ Kh8 18. Nxe8 Qxe8 19. Qh5 h6 1-0

[Event "Online Olym Top DivC 2020"]
[Site "chess.com INT"]
[Date "2020.08.23"]
[Round "9.4"]
[Board "4"]
[White "Aattar, Ikram"]
[Black "Yildiz Kadioglu, Betul Cemre"]
[Result "0-1"]
[BlackTitle "WGM"]
[WhiteElo "1407"]
[BlackElo "2362"]
[WhiteTeam "Morocco"]
[BlackTeam "Turkey"]
[WhiteFideId "9003002"]
[BlackFideId "6302920"]
[EventDate "2020.08.21"]
[EventType "team"]

1. d4 d5 2. c4 dxc4 3. Nc3 c5 4. Nf3 cxd4 5. Nxd4 a6 6. a4 e5 7. Nf3 Qxd1+ 8.
Kxd1 Nc6 9. e4 Be6 10. Nd5 Rd8 11. Bxc4 Nge7 12. Ke2 Nxd5 13. Bxd5 Bxd5 14. exd5
Rxd5 15. Re1 Bb4 16. Bd2 Bxd2 17. Nxd2 Nd4+ 18. Kd1 Nb3 19. Rxe5+ Rxe5 20. Nxb3
Ke7 21. Rc1 Rd8+ 22. Kc2 Rc8+ 23. Kb1 Rxc1+ 24. Kxc1 Kd6 25. Kd1 Kd5 26. Kd2 Kc4
27. Nc1 Rd5+ 28. Ke3 Kb4 29. b3 Kc3 30. Ke4 Rd1 31. Ne2+ Kxb3 32. Kf4 Rd2 33.
Ke3 Rxe2+ 34. Kxe2 Kxa4 35. Kd2 Kb3 36. Kc1 a5 37. Kb1 a4 38. f4 Kc4 39. g4 Kd4
40. f5 Ke5 41. Kb2 Kf4 42. Ka3 b5 43. Kb4 Kxg4 44. Kxb5 a3 45. f6 gxf6 46. h3+
Kxh3 47. Ka4 a2 48. Kb3 a1=Q 49. Kc2 Qd4 50. Kc1 f5 0-1

[Event "Online Olym Top DivC 2020"]
[Site "chess.com INT"]
[Date "2020.08.23"]
[Round "9.4"]
[Board "5"]
[White "Gokerkan, Cem Kaan"]
[Black "Hadj Kholti, Yasser"]
[Result "1-0"]
[WhiteTitle "IM"]
[WhiteElo "2461"]
[BlackElo "1871"]
[WhiteTeam "Turkey"]
[BlackTeam "Morocco"]
[WhiteFideId "6336760"]
[BlackFideId "9003258"]
[EventDate "2020.08.21"]
[EventType "team"]

1. Nc3 d6 2. d4 f5 3. g4 fxg4 4. e4 Nf6 5. Bc4 Nc6 6. Nge2 e5 7. Bg5 Be7 8. Qd2
exd4 9. Nxd4 Ne5 10. Be2 O-O 11. O-O-O h6 12. Be3 a6 13. Rdg1 c5 14. Nf5 Kh7 15.
Nxg7 Kxg7 16. f4 Nf7 17. h3 h5 18. Nd5 Nxe4 19. Qd3 Bf5 20. hxg4 Bh7 21. g5 Bf5
22. Bf3 c4 23. Qd4+ Kg8 24. Bxe4 1-0

[Event "Online Olym Top DivC 2020"]
[Site "chess.com INT"]
[Date "2020.08.23"]
[Round "9.4"]
[Board "6"]
[White "Makhlouf, Ahlam"]
[Black "Ozbay, Ece"]
[Result "1-0"]
[WhiteTitle "WFM"]
[BlackTitle "WFM"]
[WhiteElo "1419"]
[BlackElo "2027"]
[WhiteTeam "Morocco"]
[BlackTeam "Turkey"]
[WhiteFideId "9003380"]
[BlackFideId "6351743"]
[EventDate "2020.08.21"]
[EventType "team"]

1. e4 c5 2. Nf3 e6 3. d4 cxd4 4. Nxd4 Nc6 5. Nc3 Qc7 6. Be3 a6 7. Be2 Nf6 8. O-O
Be7 9. a4 b6 10. Nb3 O-O 11. f4 d6 12. Bf3 Bb7 13. Qe1 Rab8 14. Qg3 Nb4 15. Nd4
d5 16. e5 Ne4 17. Nxe4 dxe4 18. Be2 Nd5 19. Bd2 Bc5 20. c3 Ne7 21. Kh1 Rbd8 22.
Be3 Bxd4 23. Bxd4 Nf5 24. Qf2 Nxd4 25. cxd4 Qc2 26. Rfd1 Rc8 27. b4 Rc3 28. Rac1
Qxc1 29. Rxc1 Rxc1+ 30. Bf1 Bd5 31. h3 Bc4 32. Kh2 Rxf1 33. Qc2 b5 34. axb5 Bd3
35. Qd2 axb5 36. g4 Rc8 37. Kg3 h6 38. Qa2 g5 39. f5 Rg1+ 40. Kf2 1-0

[Event "Online Olym Top DivC 2020"]
[Site "chess.com INT"]
[Date "2020.08.23"]
[Round "9.5"]
[Board "1"]
[White "Bosiocic, Marin"]
[Black "Nassr, Ali"]
[Result "1-0"]
[WhiteTitle "GM"]
[BlackTitle "IM"]
[WhiteElo "2606"]
[BlackElo "2232"]
[WhiteTeam "Croatia"]
[BlackTeam "Algeria"]
[WhiteFideId "14507927"]
[BlackFideId "7900520"]
[EventDate "2020.08.21"]
[EventType "team"]

1. d4 Nf6 2. Bg5 Ne4 3. Bf4 d5 4. e3 e6 5. Bd3 Bd6 6. Ne2 Bxf4 7. Nxf4 Nf6 8.
Nh5 O-O 9. Nxf6+ Qxf6 10. Qh5 g6 11. Qe5 Qxe5 12. dxe5 c5 13. f4 b6 14. Nd2 Ba6
15. Nf3 Bxd3 16. cxd3 Nc6 17. Ke2 Rfd8 18. h4 h5 19. Rag1 c4 20. dxc4 dxc4 21.
g4 hxg4 22. Rxg4 Kg7 23. h5 Rh8 24. Rgg1 Rh6 25. hxg6 Rxh1 26. Rxh1 Kxg6 27.
Rg1+ Kh6 28. Rg5 Ne7 29. Nh2 Rc8 30. Ng4+ Kh7 31. Nf6+ Kh6 32. Ng4+ Kh7 33. e4
c3 34. bxc3 Rxc3 35. f5 exf5 36. exf5 Nd5 37. f6 Rc7 38. Rg7+ Kh8 39. Nh6 Nf4+
40. Ke3 Nd5+ 41. Kd4 1-0

[Event "Online Olym Top DivC 2020"]
[Site "chess.com INT"]
[Date "2020.08.23"]
[Round "9.5"]
[Board "2"]
[White "Achour, Mohamed Anis"]
[Black "Brkic, Ante"]
[Result "0-1"]
[BlackTitle "GM"]
[WhiteElo "2006"]
[BlackElo "2594"]
[WhiteTeam "Algeria"]
[BlackTeam "Croatia"]
[WhiteFideId "7904649"]
[BlackFideId "14506688"]
[EventDate "2020.08.21"]
[EventType "team"]

1. d4 d5 2. Bf4 c5 3. e3 Nc6 4. Nc3 cxd4 5. exd4 a6 6. Nf3 Bg4 7. Be2 Bxf3 8.
Bxf3 Nf6 9. O-O e6 10. Re1 Bb4 11. Qd3 O-O 12. a3 Bd6 13. Ne2 Rc8 14. Bxd6 Qxd6
15. Ng3 Na5 16. Qe3 Rxc2 17. Be2 Rfc8 18. Rac1 Rxc1 19. Rxc1 Rxc1+ 20. Qxc1 Qc6
21. Qf4 Kf8 22. Qb8+ Ne8 23. Qf4 Qb6 24. Bd3 h6 25. b4 Nc6 26. Ne2 Qc7 27. Qe3
Nd6 28. g4 Nc4 29. Bxc4 dxc4 30. Nc3 Qd6 31. Ne2 b5 32. Qe4 Ke7 0-1

[Event "Online Olym Top DivC 2020"]
[Site "chess.com INT"]
[Date "2020.08.23"]
[Round "9.5"]
[Board "3"]
[White "Medic, Mirjana"]
[Black "Abdelaziz, Tinhinane"]
[Result "1-0"]
[WhiteTitle "WGM"]
[WhiteElo "2207"]
[BlackElo "1416"]
[WhiteTeam "Croatia"]
[BlackTeam "Algeria"]
[WhiteFideId "14501619"]
[BlackFideId "7912170"]
[EventDate "2020.08.21"]
[EventType "team"]

1. d4 Nf6 2. c4 g6 3. Nf3 Bg7 4. g3 O-O 5. Bg2 d6 6. Nc3 Nbd7 7. O-O e5 8. h3
exd4 9. Nxd4 Nc5 10. e4 Ne6 11. Nf3 Bd7 12. Re1 Bc6 13. Nd5 Bxd5 14. cxd5 Nc5
15. Nd4 Re8 16. f3 h6 17. Be3 a6 18. Rc1 Rc8 19. b4 Ncd7 20. Bf2 Kh7 21. a4 Nh5
22. f4 Bxd4 23. Qxd4 Ng7 24. g4 Qf6 25. Qxf6 Nxf6 26. e5 dxe5 27. fxe5 Nd7 28.
Bd4 h5 29. e6 fxe6 30. Bxg7 Kxg7 31. dxe6 Nf6 32. Bxb7 hxg4 33. Bxc8 Rxc8 34.
hxg4 Nxg4 35. Rc6 Nf6 36. Rxa6 Re8 37. Rc6 Nd5 38. b5 Kf6 39. a5 Nb4 40. Rxc7
Rxe6 41. Rxe6+ Kxe6 42. a6 Kd6 43. Rc1 Nd5 44. Rd1 Kc5 45. Rxd5+ Kxd5 46. a7 Kc5
47. a8=Q Kxb5 48. Qe8+ Kc5 49. Kf2 Kd4 50. Qxg6 Ke5 51. Qf7 Ke4 52. Qf6 Kd5 53.
Ke3 Kc4 54. Qd4+ Kb3 55. Kd3 Ka2 56. Qb6 Ka3 57. Kc3 Ka2 58. Qb2# 1-0

[Event "Online Olym Top DivC 2020"]
[Site "chess.com INT"]
[Date "2020.08.23"]
[Round "9.5"]
[Board "4"]
[White "Belattar, Ines"]
[Black "Ivekovic, Tihana"]
[Result "0-1"]
[BlackTitle "WFM"]
[WhiteElo "1729"]
[BlackElo "2127"]
[WhiteTeam "Algeria"]
[BlackTeam "Croatia"]
[WhiteFideId "7910282"]
[BlackFideId "14517825"]
[EventDate "2020.08.21"]
[EventType "team"]

1. d4 d5 2. Nf3 Nf6 3. Bf4 c5 4. e3 Nc6 5. c4 cxd4 6. exd4 g6 7. Nc3 Bg7 8. Be2
O-O 9. O-O Bg4 10. Be3 dxc4 11. d5 Na5 12. h3 Bxf3 13. Bxf3 Nd7 14. d6 exd6 15.
Qxd6 Ne5 16. Qd5 Nxf3+ 17. Qxf3 Qf6 18. Qd5 Qe5 19. Rfd1 b6 20. Rd2 Qxd5 21.
Nxd5 f5 22. Rad1 Rf7 23. Bg5 h6 24. Bf4 g5 25. Bd6 Rd8 26. Ne7+ Kh7 27. Ba3 Rxd2
28. Rxd2 c3 29. bxc3 Nc4 30. Bc1 Nxd2 31. Bxd2 Rxe7 0-1

[Event "Online Olym Top DivC 2020"]
[Site "chess.com INT"]
[Date "2020.08.23"]
[Round "9.5"]
[Board "5"]
[White "Livaic, Leon"]
[Black "Djabri, Massinas"]
[Result "1-0"]
[WhiteTitle "IM"]
[BlackTitle "FM"]
[WhiteElo "2507"]
[BlackElo "2161"]
[WhiteTeam "Croatia"]
[BlackTeam "Algeria"]
[WhiteFideId "14531534"]
[BlackFideId "7905726"]
[EventDate "2020.08.21"]
[EventType "team"]

1. d4 Nf6 2. c4 e6 3. Nf3 d5 4. Nc3 Bb4 5. Bg5 h6 6. Bxf6 Qxf6 7. e3 O-O 8. Rc1
c6 9. Qb3 Bd6 10. Bd3 Nd7 11. O-O Qe7 12. e4 dxc4 13. Bxc4 e5 14. d5 Nb6 15.
dxc6 bxc6 16. Be2 Be6 17. Qc2 Rab8 18. Nd1 a5 19. Ne3 a4 20. Rfd1 Rfc8 21. h3 g6
22. Nc4 Nxc4 23. Bxc4 Bxc4 24. Qxc4 Rxb2 25. Qxa4 Bc5 26. Rc2 Rcb8 27. Qc4 Rxc2
28. Qxc2 Rb5 29. Qc3 Bd6 30. Qxc6 1-0

[Event "Online Olym Top DivC 2020"]
[Site "chess.com INT"]
[Date "2020.08.23"]
[Round "9.5"]
[Board "6"]
[White "Djerroud, Chahrazed"]
[Black "Cvitan, Ena"]
[Result "0-1"]
[BlackTitle "FM"]
[WhiteElo "1496"]
[BlackElo "2242"]
[WhiteTeam "Algeria"]
[BlackTeam "Croatia"]
[WhiteFideId "7910762"]
[BlackFideId "14534215"]
[EventDate "2020.08.21"]
[EventType "team"]

1. e4 c6 2. d4 d5 3. Nc3 dxe4 4. Nxe4 Nf6 5. Nxf6+ exf6 6. c4 Bd6 7. Nf3 O-O 8.
Be2 Re8 9. O-O Nd7 10. Re1 Nf8 11. d5 c5 12. Qc2 Ng6 13. Bd2 Bg4 14. h3 Bd7 15.
Nh4 Nxh4 16. Bf1 Bf5 17. Qb3 Qb6 18. Qxb6 axb6 19. g3 Nf3+ 20. Kg2 Nxd2 21. Rad1
Be4+ 22. Kg1 Nf3+ 23. Kg2 Nxe1+ 24. Kg1 Nf3+ 25. Kg2 Nd4+ 26. Kg1 Bf3 27. Rd3
Rxa2 28. Bg2 Re1+ 29. Kh2 Raa1 0-1